Musingsm on Self 'N' Society: (Record no. 207480)

MARC details
000 -LEADER
fixed length control field 00558nam a22001937a 4500
005 - DATE AND TIME OF LATEST TRANSACTION
control field 20241206162826.0
010 ## - LCCN (DPL NO)
LC control number ENG-142870
020 ## - INTERNATIONAL STANDARD BOOK NUMBER
Terms of availability 125.00
International Standard Book Number 9789392080173
035 ## - SYSTEM CONTROL NUMBER
System control number EN-126402
037 ## - SOURCE OF ACQUISITION
Source of stock number/acquisition DBAD
082 ## - DEWEY DECIMAL CLASSIFICATION NUMBER
Classification number 881
100 ## - MAIN ENTRY--PERSONAL NAME
Personal name Dwivedi, Amar Nath
245 ## - TITLE STATEMENT
Title Musingsm on Self 'N' Society:
Statement of responsibility, etc by Amar Nath Dwivedi
Remainder of title A Long Poem/
250 ## - EDITION STATEMENT
Edition statement 1
260 ## - PUBLICATION, DISTRIBUTION, ETC. (IMPRINT)
Place of publication, distribution, etc Allahabad
Name of publisher, distributor, etc Kitab Mahal
Date of publication, distribution, etc 2022
270 ## - ADDRESS
Address 22-A, Sarojini Naidu Marg,
City Allahabad
Postal code 211001
300 ## - PHYSICAL DESCRIPTION
Extent 50p.
Dimensions 21cm(pb)
942 ## - ADDED ENTRY ELEMENTS (KOHA)
Source of classification or shelving scheme Dewey Decimal Classification
Item type English Books
Call number suffix DWI
Classification part 881
Holdings
Withdrawn status Lost status Not for loan Collection code Home library Current library Date acquired Source of acquisition Cost, normal purchase price Full call number Barcode Copy number Cost, replacement price Koha item type
      Non-fiction R.K.Puram-8 R.K.Puram-8 06/12/2024 Delivery of Books Division 125.00 DWI 881 EN-126402 1 125.00 English Books

© Delhi Public Library
Hit Counter
free hit counter